|
|
|
|
| LEADER |
00000nab a2200000 a 4500 |
| 001 |
vtls000814714 |
| 003 |
SK-MaSNL |
| 005 |
20260319074826.0 |
| 008 |
160314c2002 xo 0 hun |
| 015 |
|
|
|a SNBRB2002/11-36664
|
| 035 |
|
|
|a CLN000166369
|
| 040 |
|
|
|a SNKBUCL
|b slo
|c SNKBUCL
|e AACR2
|
| 041 |
0 |
|
|a slo
|
| 044 |
|
|
|a xo
|c SK
|
| 080 |
|
|
|a 82:061.7
|2 UDC-MRF-SK2
|
| 080 |
|
|
|a 379.83:792.9
|2 UDC-MRF-SK2
|
| 080 |
|
|
|a 792.9
|2 UDC-MRF-SK2
|
| 100 |
1 |
|
|a Oriskó, Norbert,
|d 1964-
|4 ain
|9 440662
|
| 245 |
1 |
0 |
|a Mesetábor Gombaszögön
|c Oriskó Norbert, Badin Ádám
|
| 300 |
|
|
|b Fotogr.
|
| 611 |
1 |
7 |
|a Rozprávkový tábor
|d 2002
|c Gombasek, Slovensko
|2 snkbucl
|9 841904
|
| 651 |
|
7 |
|a 808
|2 snkbucl
|9 295457
|
| 700 |
1 |
|
|a Badin, Ádám,
|d 1965-
|4 aut
|4 uin
|9 841905
|
| 773 |
0 |
|
|t Tücsök
|g Roč. 13, č. 1 (2002), s. 12
|
| 850 |
|
|
|a Slovenská národná knižnica v Martine
|
| 852 |
|
|
|a SNK
|b KIS3GCP
|
| 958 |
|
|
|a HU
|
| 958 |
|
|
|a SK
|
| 958 |
|
|
|a LX
|
| 958 |
|
|
|a RBX
|
| 999 |
|
|
|c 1358921
|d 1360851
|